La vie de Charles de Gaulle - Statistiques

Statistiques générales
  • Ce quiz a été pris 7 852 fois
  • Le résultat moyen est 11 sur 20
Statistiques - réponses
Indice Réponse % Correct
Ville depuis laquelle il lance cet appel Londres
92%
De Gaulle revient au pouvoir après la crise de mai 1958 dans le cadre de cette guerre Guerre d'Algérie
88%
Date du célèbre appel à la résistance 18 juin 1940
83%
Chaîne radio sur laquelle il prononce ce discours BBC
80%
Accords qui mettront fin à cette guerre Accords d'{Évian}
77%
Commune où se situe l'aéroport portant le nom de Charles de Gaulle Roissy-en-France
64%
Complétez cette citation prononcée en 1967 : "Vive le ___ libre !" Québec
63%
Surnom de Charles de Gaulle Le {Général}
62%
Premiers ministres pendant sa présidence Georges Pompidou
61%
Président sortant lors de l'élection de de Gaulle René Coty
51%
De Gaulle opposa son véto à l'entrée de ce pays dans la Communauté économique européenne (CEE) Royaume-Uni
50%
Mouvement de résistance militaire et politique fondé par de Gaulle France libre
47%
Ville de naissance de Charles de Gaulle Lille
47%
Attentat raté contre Charles de Gaulle en 1962 Attentat du Petit-{Clamart}
42%
Évènement à la suite duquel de Gaulle démissionnera de son poste de Président de la République Référendum
42%
Premiers ministres pendant sa présidence Michel Debré
30%
Chancelier avec lequel de Gaulle signa la réconciliation franco-allemande en 1963 Konrad Adenauer
27%
Pays d'Afrique qui refuse la Constitution de 1958 et qui devient la première colonie française d'Afrique subsaharienne à obtenir son indépendance Guinée
24%
Mouvement politique lancé par Charles de Gaulle en 1947 Rassemblement du peuple français
17%
Premiers ministres pendant sa présidence Maurice Couve de Murville
16%
Aucun quiz correspondant
Distribution des résultats
% des personnes avec chaque résultat
Percentile par nombre de réponses
Votre historique - résultats
Vous n’avez pas pris ce quiz